Tre uomini e una pecora : un matrimonio da incubo /

Đã lưu trong:
Chi tiết về thư mục
Tác giả chính: Gross, Guy (Nhà soạn nhạc)
Tác giả khác: Samuel, Xavier (Diễn viên), Stallings, Share (Nhà sản xuất), Hamilton, Gary (Nhà sản xuất), Barnard, Antonia (Nhà sản xuất), Brent, Laura (Diễn viên), Marshall, Kris (Diễn viên), Newton-John, Olivia (Diễn viên), Malkin, Laurence (regista) (Nhà sản xuất), Craig, Dean (Người viết kịch bản), Windon, Stephen F. (Nhiếp ảnh gia), Wilson, Rebel (Diễn viên), Elliott, Stephan (Giám đốc), Bishop, Kevin (Diễn viên)
Định dạng: Slide
Ngôn ngữ:Tiếng Italy
Tiếng Anh
Được phát hành: [Roma] : Luckyred homevideo, ©2012
Các nhãn: Thêm thẻ
Không có thẻ, Là người đầu tiên thẻ bản ghi này!

MARC

LEADER 00000ngm a22000007i 4500
001 IT\ICCU\LO1\1454466
003 ItRI
005 20260124182817.0
008 121029s2012 it |||||||||||||||k|||||c
024 3 1 |a 8022469071508 
028 4 2 |a AK2SF07150  |b Medusa 
040 |b ita 
041 7 |a ita  |a eng  |2 ISO-639-2 
082 |a 791.43  |9 CINEMA  |2 19 
130 2 |a A Fest Best Men <film ; 2011>  |3 IT\ICCU\LO1\1454467 
245 0 0 |a Tre uomini e una pecora :  |b un matrimonio da incubo /  |c diretto da Stephan Elliott ; scritto da Dean Craig ; direttore della fotografia Stephen Windon ; compositore Guy Gross ; prodotto da Share Stallings, Laurence Malkin, Gary Hamilton, Antonia Barnard ; [cast] Xavier Samuel, Kris Marshall, Kevin Bishop ... [et al.]. 
260 |a [Roma] :  |b Luckyred homevideo,  |c ©2012 
300 |a 1 DVD-video (circa 98 min) :  |b a colori, PAL ;  |c 12 cm  
500 |a Titolo del contenitore 
500 |a Luogo di pubblicazione ricavato da fonte esterna; ©2012 Luckyred Homevideo 
500 |a Caratteristiche tecniche: regione 2; PAL; 2.35:1, anamorfico 16/9; DVD 9; Dolby digital 5.1 DTS; color 
500 |a Produzione cinematografica Australia/Gran Bretagna 2011 
500 |a Interpreti: Xavier Samuel, Kris Marshall, Kevin Bishop, Laura Brent, Olivia Newton-John 
500 |a Lingue: italiano, inglese; sottotitoli: italiano, italiano non udenti 
500 |a Contenuti extra. 
700 1 |a Samuel, Xavier  |0 IT\ICCU\CAGV\696819  |4 act 
700 1 |a Stallings, Share  |0 IT\ICCU\DDSV\249653  |4 pro 
700 1 |a Hamilton, Gary  |0 IT\ICCU\DDSV\329488  |4 pro 
700 1 |a Barnard, Antonia  |0 IT\ICCU\DDSV\389955  |4 pro 
700 1 |a Brent, Laura  |0 IT\ICCU\LO1V\399079  |4 act 
700 1 |a Marshall, Kris  |0 IT\ICCU\RAVV\347650  |4 act 
700 1 |a Newton-John, Olivia  |0 IT\ICCU\TO0V\390559  |4 act 
700 1 |a Malkin, Laurence  |c  (regista)  |0 IT\ICCU\TO0V\614914  |4 pro 
700 1 |a Craig, Dean  |0 IT\ICCU\UBOV\226802  |4 sce 
700 1 |a Windon, Stephen F.  |0 IT\ICCU\UBOV\261640  |4 pht 
700 1 |a Wilson, Rebel  |0 IT\ICCU\UBOV\366133  |4 act 
700 1 |a Elliott, Stephan  |0 IT\ICCU\UBOV\489339  |4 drt 
700 1 |a Gross, Guy  |0 IT\ICCU\UBOV\490891  |4 cmp 
700 1 |a Bishop, Kevin  |0 IT\ICCU\UBOV\876899  |4 act 
710 2 |a Lucky Red  |0 IT\ICCU\NAPV\131922  |4 pbl 
791 2 |a Lucky Red Home Video  |3 IT\ICCU\MODV\664425  |z Lucky Red 
791 2 |a Luckyred  |3 IT\ICCU\MODV\666674  |z Lucky Red 
942 |2 ddc  |c VM  |n 0 
952 |0 0  |1 0  |4 0  |6 VO_2009_000000000000000  |7 0  |9 26682  |a BO  |b BO  |d 2026-01-24  |i 16791  |l 0  |o VO 2009  |p BO16791  |r 2026-01-24 18:28:17  |w 2026-01-24  |x [Sebina 7] [1 dvd]  |y VM  |z 1 dvd 
999 |c 22569  |d 22569